书目信息 |
| 题名: |
迈向万物智联新世界
|
|
| 作者: | ;5G与高质量发展联合课题组 著 | |
| 分册: | ||
| 出版信息: | 北京 社会科学文献出版社 2019.08 |
|
| 页数: | 212页 | |
| 开本: | 24cm | |
| 丛书名: | 大数据发展丛书 | |
| 单 册: | ||
| 中图分类: | F492.3 | |
| 科图分类: | ||
| 主题词: | 信息产业--xin xi chan ye--经济发展--研究报告--中国 | |
| 电子资源: | ||
| ISBN: | 978-7-5201-5288-4 | |
| 000 | 01493nam 2200277 450 | |
| 001 | 2267529071 | |
| 005 | 20220914184549.67 | |
| 010 | @a978-7-5201-5288-4@dCNY89.00 | |
| 099 | @aCAL 012019105302 | |
| 100 | @a20190904d2019 em y0chiy50 ea | |
| 101 | 0 | @achi |
| 102 | @aCN@b110000 | |
| 105 | @aa a 000yy | |
| 200 | 1 | @a迈向万物智联新世界@Amai xiang wan wu zhi lian xin shi jie@e5G时代·大数据·智能化@d= Marching towards a fully connected intelligent world@f5G与高质量发展联合课题组著@zeng |
| 210 | @a北京@c社会科学文献出版社@d2019.08 | |
| 215 | @a212页@c图@d24cm | |
| 225 | 2 | @a大数据发展丛书@Ada shu ju fa zhan cong shu |
| 320 | @a有书目 (第205-212页) | |
| 330 | @a本书分为上下两篇, 试图从物理域、数字域和认知域三个层面入手, 系统性阐释5G时代大数据智能化对中国经济社会发展路径和政府治理模式的全局变革及深刻影响。其中, 上篇主要聚焦于发展机遇、发展路径、发展方向、发展倡议和开放性问题, 提出我国要加快构建基于5G×大数据×AI的数字中国新型基础设施。下篇主要聚焦于5G时代政府先行所面临的新时代新思维、新常态新问题、新阶段新范式、新情景新远景、新平台新手段和新模式新机制, 期望能够为重塑数字经济时代国家数字化治理新格局提供有益思路。 | |
| 410 | 0 | @12001 @a大数据发展丛书 |
| 510 | 1 | @aMarching towards a fully connected intelligent world@zeng |
| 606 | 0 | @a信息产业@Axin xi chan ye@x经济发展@x研究报告@y中国 |
| 690 | @aF492.3@v5 | |
| 711 | 02 | @a5G与高质量发展联合课题组@A5G yu gao zhi liang fa zhan lian he ke ti zu@4著 |
| 801 | 0 | @aCN@b人天书店@c20190904 |
| 905 | @aZUCC@dF492.3@e4 | |
| 迈向万物智联新世界:5G时代·大数据·智能化= Marching towards a fully connected intelligent world/5G与高质量发展联合课题组著.-北京:社会科学文献出版社,2019.08 |
| 212页:图;24cm.-(大数据发展丛书) |
| ISBN 978-7-5201-5288-4:CNY89.00 |
| 本书分为上下两篇, 试图从物理域、数字域和认知域三个层面入手, 系统性阐释5G时代大数据智能化对中国经济社会发展路径和政府治理模式的全局变革及深刻影响。其中, 上篇主要聚焦于发展机遇、发展路径、发展方向、发展倡议和开放性问题, 提出我国要加快构建基于5G×大数据×AI的数字中国新型基础设施。下篇主要聚焦于5G时代政府先行所面临的新时代新思维、新常态新问题、新阶段新范式、新情景新远景、新平台新手段和新模式新机制, 期望能够为重塑数字经济时代国家数字化治理新格局提供有益思路。 |
| ● |
| 相关链接 |
|
|
|
正题名:迈向万物智联新世界
索取号:F492.3/4
 
预约/预借
| 序号 | 登录号 | 条形码 | 馆藏地/架位号 | 状态 | 备注 |
| 1 | 2000893140 | 2000893140 | 第三书库/ [索取号:F492.3/4] | 在馆 | |
| 2 | 2000893141 | 2000893141 | 第三书库/ [索取号:F492.3/4] | 在馆 | |
| 3 | 2000893142 | 2000893142 | 第三书库/ [索取号:F492.3/4] | 在馆 |